[Event "Titled Tue 4th Aug 10am"]
[Site "chess.com INT"]
[Date "2020.08.04"]
[Round "4"]
[White "Nakamura,Hi"]
[Black "Zierk,S"]
[Result "1-0"]
[WhiteElo "2736"]
[BlackElo "2499"]

1.Nf3 d5 2.e3 Bg4 3.c4 c6 4.Qb3 Qb6 5.cxd5 cxd5 6.Qxd5 Nc6 7.Nc3 Nf6 8.Qb5 Qc7
9.d4 e6 10.Ne5 a6 11.Qa4 Bf5 12.Nxc6 bxc6 13.g3 Be7 14.Bg2 O-O 15.Qxc6 Qxc6
16.Bxc6 Rab8 17.O-O Rfc8 18.Bf3 Bb4 19.Bd2 Ba5 20.Rfc1 h5 21.b3 Bb4 22.a3 Bxc3
23.Bxc3 Rxb3 24.Bb4 Rxc1+ 25.Rxc1 Be4 26.Bd1 Rb2 27.Bc3 Rb8 28.f3 Bc6 29.e4 Bb5
30.Kf2 h4 31.Ke3 hxg3 32.hxg3 g5 33.d5 Nd7 34.dxe6 fxe6 35.f4 gxf4+ 36.gxf4 Kf7
37.Bh5+ Ke7 38.Bb4+ Kd8 39.Rg1 Rc8 40.Bf7 Rc6 41.Rg8+ Kc7 42.Rg7 e5 43.fxe5 Nxe5
44.Bd5+ Kb6 45.Bxc6 Bxc6 46.Rg5 Nc4+ 47.Kd4 Nb2 48.Ba5+ Kb7 49.Rg7+  1-0

[Event "Titled Tue 4th Aug 10am"]
[Site "chess.com INT"]
[Date "2020.08.04"]
[Round "5"]
[White "Vokhidov,Shamsiddin"]
[Black "Nakamura,Hi"]
[Result "0-1"]
[WhiteElo "2512"]
[BlackElo "2736"]

1.e4 e5 2.Nf3 Nc6 3.Bb5 Nf6 4.d3 Bc5 5.c3 d5 6.exd5 Qxd5 7.Bc4 Qd6 8.O-O Bb6
9.b4 e4 10.Ng5 O-O 11.Nxe4 Nxe4 12.dxe4 Qg6 13.Nd2 Ne5 14.Kh1 Bh3 15.gxh3 Nxc4
16.Qg4 Nxd2 17.Qxg6 fxg6 18.Bxd2 Rf3 19.a4 a5 20.Kg2 Rd3 21.Ra2 Rad8 22.Be1 Kf7
23.f3 Ke6 24.Rc2 Ra8 25.Ra2 Be3 26.b5 Bf4 27.Bg3 g5 28.Rc2 Kd6 29.Bf2 Rd8
30.h4 gxh4 31.Bxh4 g5 32.Bf2 Be5 33.c4 Ke6 34.c5 Ra3 35.c6 b6 36.Rc4 Ra2
37.Kh3 h5 38.Bg3 Rdd2 39.f4 gxf4 40.Bxf4 Rxh2+ 41.Kg3 Rhg2+ 42.Kf3 h4 43.Bxe5 Kxe5
44.Ke3 Rg3+ 45.Rf3 Ra3+  0-1

[Event "Titled Tue 4th Aug 10am"]
[Site "chess.com INT"]
[Date "2020.08.04"]
[Round "6"]
[White "Nakamura,Hi"]
[Black "Timofeev,Arty"]
[Result "1-0"]
[WhiteElo "2736"]
[BlackElo "2580"]

1.Nf3 Nf6 2.b3 c5 3.Bb2 d6 4.e3 e5 5.Nc3 Be7 6.Bb5+ Bd7 7.Bxd7+ Nbxd7 8.O-O O-O
9.Ne2 Re8 10.Ng3 Bf8 11.c4 a6 12.d3 Rc8 13.Qc2 b5 14.Rfe1 g6 15.Rad1 Bg7
16.Ne4 Qe7 17.Nc3 Rb8 18.h3 h6 19.Nh2 Kh7 20.e4 Nf8 21.Nd5 Qd8 22.Nf1 Ne6
23.Nxf6+ Bxf6 24.Ne3 Bg7 25.Rf1 Rf8 26.Nd5 Nc7 27.Nxc7 Qxc7 28.f4 exf4 29.Bxg7 Kxg7
30.Qc3+ f6 31.Rxf4 Qe7 32.Qa5 Ra8 33.d4 bxc4 34.bxc4 cxd4 35.Rxd4 h5 36.Qd2 Rad8
37.Rf1 Qe5 38.Rd1 Rf7 39.Rd5 Qxe4 40.c5 Rc7 41.Re1 Qc4 42.cxd6 Rcd7 43.Kh1 Qc6
44.Rd1 Qc4 45.a3 Qe4 46.Re1 Qc4 47.Rd1 Qe4 48.Qb2 Qe6 49.Qb6 h4 50.Qxa6 g5
51.Qd3 Rb8 52.a4 Rb2 53.Qc3 Rb1 54.Rxg5+ Kf7 55.Rxb1 fxg5 56.Rf1+ Kg6 57.Qd3+ Kh6
58.Rd1 g4 59.hxg4 Qxg4 60.a5 Rg7 61.Qf3 Qxf3 62.gxf3 Rd7 63.a6 Kg6 64.a7 Rxa7
65.d7  1-0

[Event "Titled Tue 4th Aug 10am"]
[Site "chess.com INT"]
[Date "2020.08.04"]
[Round "7"]
[White "Bortnyk,Olexandr"]
[Black "Nakamura,Hi"]
[Result "1/2-1/2"]
[WhiteElo "2598"]
[BlackElo "2736"]

1.e4 e5 2.Nf3 Nc6 3.Bc4 Bc5 4.c3 Nf6 5.d4 exd4 6.cxd4 Bb4+ 7.Nbd2 Bxd2+ 8.Bxd2 d5
9.exd5 Nxd5 10.O-O O-O 11.Bg5 f6 12.Bh4 Be6 13.Re1 Bf7 14.Ne5 Nce7 15.Nxf7 Rxf7
16.Qb3 c6 17.Qxb7 Rb8 18.Qa6 Rxb2 19.Bg3 Qb6 20.Qxb6 Rxb6 21.Bd6 Rb7 22.Rab1 Rxb1
23.Rxb1 g5 24.Rb7 Nf5 25.Rxf7 Kxf7 26.Bc5 a5 27.a4 Ke6 28.g3 Nd6 29.Bd3 h6
30.Kf1 f5 31.Bc2 Ne4 32.Ba7 g4 33.Ke2 Kd7 34.f3 Nec3+ 35.Kf2 Ke6 36.fxg4 fxg4
37.Bc5 h5 38.Ba7 Kf6 39.Bb3 Kf5 40.Bc2+ Kf6 41.Bc5 Ke6 42.Bf8 Nb6 43.Bb3+ Kf6
44.Bc5 Ne4+ 45.Ke3 Nxc5 46.dxc5 Nd7 47.Kd4 Ne5 48.Bd1 Kf5 49.Bc2+ Kf6 50.Be4 Ke6
51.Ke3 Nd7 52.Bxc6 Nxc5 53.Kd4 Kd6 54.Be8 Ne6+ 55.Kc4 Ng5 56.Bxh5 Nf3 57.Kb5 Nxh2
58.Kxa5 Kc7 59.Ka6 Nf1 60.Ka7 Nxg3 61.Bxg4 Ne4 62.a5 Nc5 63.Bf3 Nb3 64.a6 Nd4
65.Bb7 Nb5+ 66.Ka8 Nd6 67.Ka7 Nb5+ 68.Ka8 Nc3 69.Ka7 Na4 70.Bg2 Nc5 71.Bb7 Nxa6  1/2-1/2

[Event "Titled Tue 4th Aug 10am"]
[Site "chess.com INT"]
[Date "2020.08.04"]
[Round "8"]
[White "Nakamura,Hi"]
[Black "Vachier Lagrave,M"]
[Result "1/2-1/2"]
[WhiteElo "2736"]
[BlackElo "2778"]

1.e4 c6 2.d4 d5 3.exd5 cxd5 4.Bd3 Nf6 5.c3 Bg4 6.Qb3 Qb6 7.Nd2 e6 8.Ngf3 Bd6
9.Ne5 Bxe5 10.Qxb6 axb6 11.dxe5 Nfd7 12.f4 f6 13.exf6 gxf6 14.Nb3 Nc6 15.Be3 Ne7
16.Bb5 Nc6 17.Nd4 Nxd4 18.Bxd4 Ke7 19.Bxd7 Kxd7 20.Bxf6 Rhg8 21.h3 Bf5 22.g4 Be4
23.Rg1 h5 24.Ke2 Rg6 25.g5 Bf5 26.h4 Rgg8 27.Ke3 Ra4 28.Bd4 b5 29.a3 Raa8
30.Bc5 Kc6 31.Kd4 Rg7 32.Rae1 Rag8 33.Bb4 Rf7 34.Rgf1 Rg6 35.Re5 Be4 36.Ke3 Kd7
37.Rd1 Bf5 38.Ra1 Rg8 39.Rg1 Bg6 40.Kf3 Rc8 41.Kg3 Rc4 42.Rf1 Bf5 43.Ba5 Kc6
44.Bd8 Rf8 45.Bf6 Kd7 46.Re3 Ra8 47.Bd4 Rg8 48.Rfe1 Rcc8 49.Kf3 Bg4+ 50.Kf2 Bf5
51.R3e2 Rg6 52.Ke3 Bg4 53.Rf2 Bf5 54.Kd2 Ra8 55.Re5 Rf8 56.Bc5 Rf7 57.Ke3 Rg8
58.b3 Rc8 59.Kd4 Bg6 60.Bb4 b6 61.Ke3 Bf5 62.Rd2 Bg6 63.Rg2 Rc6 64.Rg1 Rc8
65.Rd1 Bf5 66.Rd2 Bg6 67.a4 bxa4 68.bxa4 Rc4 69.Rf2 Bf5 70.Rd2 Kc6 71.a5 bxa5
72.Bxa5 Ra7 73.Bb4 Ra1 74.Rg2 Re1+ 75.Kf2 Rxe5 76.fxe5 Rxh4 77.g6 Rf4+ 78.Kg1 Rg4
79.g7 Bh7 80.Rxg4 hxg4 81.Kg2 Kd7 82.Kg3 Ke8 83.Kxg4 Kf7 84.Bf8 Bd3 85.Kf4 Bc4
86.Ke3 Bb3 87.Kd4 Bc4 88.Kc5 Bd3 89.Kd6 Bf5 90.Kc5 Bg4  1/2-1/2

[Event "Titled Tue 4th Aug 10am"]
[Site "chess.com INT"]
[Date "2020.08.04"]
[Round "9"]
[White "Onischuk,V"]
[Black "Nakamura,Hi"]
[Result "1-0"]
[WhiteElo "2633"]
[BlackElo "2736"]

1.e4 c6 2.d4 d5 3.Nc3 dxe4 4.Nxe4 Bf5 5.Ng3 Bg6 6.c3 e6 7.Nh3 Bd6 8.Nf4 Nf6
9.h4 Bxf4 10.Bxf4 h6 11.h5 Bh7 12.Qb3 Qb6 13.Qa3 Nbd7 14.Be2 Rc8 15.O-O Nd5
16.Bd2 c5 17.c4 N5f6 18.dxc5 Nxc5 19.b4 Qa6 20.Qxa6 Nxa6 21.Rfc1 O-O 22.a3 Nb8
23.Be3 b6 24.Bf3 Nc6 25.Be2 Ne5 26.c5 Nd5 27.Bd4 Nd3 28.Bxd3 Bxd3 29.Rd1 Bh7
30.Rac1 f6 31.f3 Rfd8 32.Bf2 b5 33.Kf1 a6 34.Ne4 Bxe4 35.fxe4 Ne7 36.Rxd8+ Rxd8
37.c6 Nc8 38.Ke2 e5 39.Bc5 Kf7 40.Rd1 Rxd1 41.Kxd1 g6 42.g4 gxh5 43.gxh5 Ke6
44.Be3 Nd6 45.Bxh6 Nxe4 46.Be3 f5 47.h6 Kf7 48.Bc5 Nc3+ 49.Kd2 Nd5 50.Bd6 e4
51.c7 Nb6 52.Bc5 Nc8 53.Ke3 Kg6 54.Kf4 Kxh6 55.Kxf5 Kg7 56.Ke6 Kg6 57.Kd7  1-0

[Event "Titled Tue 4th Aug 10am"]
[Site "chess.com INT"]
[Date "2020.08.04"]
[Round "10"]
[White "Nakamura,Hi"]
[Black "Meshkovs,Nikita"]
[Result "1-0"]
[WhiteElo "2736"]
[BlackElo "2585"]

1.e4 e5 2.Nf3 Nc6 3.d4 exd4 4.Nxd4 Bc5 5.Be3 Qf6 6.c3 Nge7 7.g3 h5 8.h3 Bb6
9.Bg2 Ne5 10.Na3 d6 11.f4 N5c6 12.O-O Qg6 13.Kh2 Bd7 14.Nc4 O-O-O 15.a4 Nxd4
16.cxd4 h4 17.g4 d5 18.Ne5 Qe6 19.a5 f6 20.axb6  1-0

[Event "Carlsen Tour Final 2020"]
[Site "chess24.com INT"]
[Date "2020.08.09"]
[Round "1.16"]
[White "Nakamura,Hi"]
[Black "Dubov,Daniil"]
[Result "1-0"]
[WhiteElo "2736"]
[BlackElo "2699"]

1.e4 c5 2.Nf3 Nc6 3.d4 cxd4 4.Nxd4 Nf6 5.Nc3 d6 6.Bg5 Bd7 7.f3 a6 8.Qd2 e6
9.O-O-O Nxd4 10.Qxd4 h6 11.Bd2 Bc6 12.Bd3 Be7 13.Kb1 b5 14.g4 Nd7 15.h4 Qb6
16.Ne2 Qxd4 17.Nxd4 Bb7 18.Nb3 Rb8 19.Bf4 Ne5 20.Be2 f6 21.h5 Kf7 22.Rhe1 Rhd8
23.Bg3 Rbc8 24.Bf2 d5 25.f4 Nc4 26.exd5 Bxd5 27.Bd3 Bf3 28.Bg6+ Kg8 29.Rxd8+ Rxd8
30.Nd4 Bxg4 31.Nc6 Rd7 32.Nxe7+ Rxe7 33.b3 Nd2+ 34.Kc1 Rd7 35.Re3 b4 36.Be1 Nf3
37.Bxb4 Nh4 38.Bd3 Rd4 39.Bc5 Rxf4 40.Bxa6 e5 41.a4 Bxh5 42.Bb7 Nf5 43.Re1 Bf3
44.Bxf3 Rxf3 45.a5 Rc3 46.b4 Nd4 47.Bxd4 exd4 48.Kb2 Rc4 49.Kb3 Rc3+ 50.Kb2 Rc4
51.Re8+ Kf7 52.Rb8 Ke6 53.a6 Rc7 54.b5 Kd7 55.b6 Rc5 56.a7 Rb5+ 57.Kc1 h5
58.a8=Q  1-0

[Event "Carlsen Tour Final 2020"]
[Site "chess24.com INT"]
[Date "2020.08.09"]
[Round "1.15"]
[White "Dubov,Daniil"]
[Black "Nakamura,Hi"]
[Result "1/2-1/2"]
[WhiteElo "2699"]
[BlackElo "2736"]

1.d4 Nf6 2.c4 e6 3.Nf3 d5 4.g3 Be7 5.Bg2 O-O 6.O-O dxc4 7.Qc2 a6 8.Qxc4 b5
9.Qc2 Bb7 10.Bg5 Nbd7 11.Bxf6 Nxf6 12.Nbd2 Rc8 13.Nb3 Be4 14.Qc1 Qd5 15.Nbd2 c5
16.Nxe4 Qxe4 17.Qd2 Rfd8 18.Rfd1 Qb7 19.Qa5 Qa7 20.Ne5 Rd6 21.dxc5 Qxc5 22.Nd3 Qc7
23.Qxc7 Rxc7 24.Rac1 Rdd7 25.Bc6 Rd8 26.Bf3 Rdc8 27.Bb7 Rxc1 28.Rxc1 Rxc1+
29.Nxc1 a5 30.Bc6 b4 31.Nb3 Bd8 32.Nc5 Bb6 33.Nd7 Nxd7 34.Bxd7 Bd4 35.b3 Bb6
36.e3 Kf8 37.Ba4 Ke7 38.Kf1 Ba7 39.Ke2 Kd6 40.Bb5 Bb6 41.Ba4 Ba7 42.Bb5 Bb6
43.Ba4 Ba7  1/2-1/2

[Event "Carlsen Tour Final 2020"]
[Site "chess24.com INT"]
[Date "2020.08.09"]
[Round "1.14"]
[White "Nakamura,Hi"]
[Black "Dubov,Daniil"]
[Result "0-1"]
[WhiteElo "2736"]
[BlackElo "2699"]

1.e4 c5 2.Nf3 d6 3.d4 cxd4 4.Nxd4 Nf6 5.Nc3 Nc6 6.g3 g6 7.Bg2 Nxd4 8.Qxd4 Bg7
9.O-O O-O 10.Qd1 Bg4 11.Qd2 Rc8 12.h3 Be6 13.Nd5 Qd7 14.Kh2 Rc4 15.Qe2 Rfc8
16.c3 b5 17.a3 h5 18.Bg5 Bxd5 19.exd5 Qf5 20.h4 Ng4+ 21.Kg1 Bf6 22.Rae1 Bxg5
23.hxg5 Qxg5 24.Qxe7 Qxe7 25.Rxe7 R4c7 26.Re4 Ne5 27.f4 Ng4 28.Rfe1 Nf6 29.Rd4 Rb8
30.Bf1 Kf8 31.Red1 Re7 32.Rb4 Re3 33.Kg2 a6 34.a4 Ne4 35.axb5 axb5 36.Bd3 Nxg3
37.c4 h4 38.cxb5 Nh5 39.Kf2 Rh3 40.b6 Nf6 41.Be2 Rh2+ 42.Kf3 Nd7 43.b7 Nc5
44.Ra1 Rxb7 45.Ra8+ Kg7 46.Rxb7 Nxb7 47.b4 Rh3+ 48.Kg2 Rg3+ 49.Kh2 Rb3 50.Ba6 Rxb4
51.Rb8 Rb6 52.Bxb7 Rb3 53.Kg2 Kf6 54.Kh2 h3 55.Rd8 Rxb7 56.Kxh3 Kf5 57.Rxd6 Kxf4
58.Rd8 Rb3+ 59.Kg2 Ke5 60.Rd7 f5 61.Rd8 Rb6 62.Kg3 Rd6 63.Rg8 Kf6  0-1

[Event "Carlsen Tour Final 2020"]
[Site "chess24.com INT"]
[Date "2020.08.09"]
[Round "1.13"]
[White "Dubov,Daniil"]
[Black "Nakamura,Hi"]
[Result "0-1"]
[WhiteElo "2699"]
[BlackElo "2736"]

1.d4 Nf6 2.c4 e6 3.Nc3 Bb4 4.Nf3 O-O 5.Bg5 c5 6.d5 d6 7.e3 exd5 8.cxd5 Nbd7
9.Bd3 h6 10.Bh4 Qa5 11.O-O Bxc3 12.bxc3 Qxc3 13.e4 Re8 14.Re1 b5 15.Rc1 Qa3
16.Bb1 Ng4 17.Nd2 Nb6 18.h3 Ne5 19.Qh5 Nbc4 20.Nb3 a5 21.Rc3 Qb4 22.Rec1 Ng6
23.Bf6 a4 24.Rg3 Re5 25.Bxe5 Ncxe5 26.Nxc5 dxc5 27.Rf1 Qd4 28.Kh2 Ra6 29.f4 Rf6
30.f5 Nc4 31.Rd1 Qe5 32.Qf3 Qd6 33.Qc3 Nge5 34.Kh1 b4 35.Qe1 a3 36.Bc2 Nb2
37.Rc1 c4 38.Qe3 Bd7 39.Qd4 Bb5 40.Re3 Qb6 41.Qxe5 Qxe3 42.Rg1 b3 43.Bb1 Qb6
44.Qg3 bxa2 45.Bxa2 Nd3 46.Rb1 Nf2+ 47.Kh2 Nxe4  0-1

[Event "Carlsen Tour Final 2020"]
[Site "chess24.com INT"]
[Date "2020.08.09"]
[Round "1.12"]
[White "Nakamura,Hi"]
[Black "Dubov,Daniil"]
[Result "1-0"]
[WhiteElo "2736"]
[BlackElo "2699"]

1.e4 c5 2.Nf3 Nc6 3.d4 cxd4 4.Nxd4 Nf6 5.Nc3 d6 6.Bg5 Bd7 7.f3 a6 8.Qd2 e6
9.O-O-O Nxd4 10.Qxd4 h6 11.Bh4 Be7 12.Bc4 b5 13.Bb3 a5 14.a4 b4 15.Ne2 O-O
16.Bxf6 Bxf6 17.Qxd6 Ra7 18.Ng3 Qe8 19.Nh5 Bxa4 20.Bc4 Qb8 21.Nxf6+ gxf6
22.Qg3+ Kh7 23.Rd4 e5 24.Rd2 Rc7 25.b3 Bb5 26.Bd5 a4 27.Qh3 Rfc8 28.Kb1 axb3
29.Bxb3 Ra7 30.Qf5+ Kg7 31.Qg4+ Kf8 32.Rhd1 Ke7 33.Qg7 Be8 34.Rd6 Qc7  1-0

[Event "Carlsen Tour Final 2020"]
[Site "chess24.com INT"]
[Date "2020.08.09"]
[Round "1.11"]
[White "Dubov,Daniil"]
[Black "Nakamura,Hi"]
[Result "1-0"]
[WhiteElo "2699"]
[BlackElo "2736"]

1.d4 Nf6 2.c4 e6 3.Nc3 Bb4 4.Nf3 O-O 5.Bg5 c5 6.Rc1 h6 7.Bh4 cxd4 8.Nxd4 d5
9.cxd5 g5 10.Bg3 Nxd5 11.e3 Qa5 12.Bd3 Rd8 13.O-O Nxc3 14.Qh5 Bf8 15.Rxc3 e5
16.Bc4 Qc7 17.Bxe5  1-0

[Event "Carlsen Tour Final 2020"]
[Site "chess24.com INT"]
[Date "2020.08.10"]
[Round "1.23"]
[White "Nakamura,Hi"]
[Black "Dubov,Daniil"]
[Result "1-0"]
[WhiteElo "2736"]
[BlackElo "2699"]

1.e4 c5 2.Nf3 Nc6 3.d4 cxd4 4.Nxd4 Nf6 5.Nc3 e5 6.Ndb5 d6 7.Bg5 a6 8.Na3 b5
9.Nd5 Be7 10.Bxf6 Bxf6 11.c3 Rb8 12.Nc2 Bg5 13.a4 bxa4 14.Ncb4 Nxb4 15.cxb4 Bd7
16.Bxa6 O-O 17.b3 axb3 18.Qxb3 Kh8 19.O-O Qe8 20.Be2 f5 21.exf5 Bxf5 22.b5 Be6
23.Ra6 Qf7 24.Bc4 Rfd8 25.Rd1 e4 26.b6 Rf8 27.Ra2 Bd8 28.Rb2 Qh5 29.Qc2 Bf5
30.Qd2 Be6 31.Ne3 Bxc4 32.Nxc4 Bf6 33.Rbb1 Rfd8 34.b7 d5 35.Na5 Be5 36.g3 Qg6
37.Qc2 Rd6 38.Rdc1 Bf4 39.Qc8+ Rd8 40.Qxd8+ Rxd8 41.Rc8 Qe8 42.Rxd8 Qxd8
43.gxf4  1-0

[Event "Carlsen Tour Final 2020"]
[Site "chess24.com INT"]
[Date "2020.08.10"]
[Round "1.22"]
[White "Dubov,Daniil"]
[Black "Nakamura,Hi"]
[Result "1/2-1/2"]
[WhiteElo "2699"]
[BlackElo "2736"]

1.c4 e5 2.Nc3 Nf6 3.Nf3 Nc6 4.g3 d5 5.cxd5 Nxd5 6.Bg2 Nb6 7.O-O Be7 8.a3 O-O
9.b4 Be6 10.Rb1 f6 11.b5 Nd4 12.e3 Nxf3+ 13.Bxf3 Qc8 14.a4 a5 15.bxa6 Rxa6
16.d4 Rd8 17.Be4 f5 18.Bd3 Ra5 19.Qc2 e4 20.Be2 Nd5 21.Nxd5 Bxd5 22.Bd2 Ra7
23.a5 c6 24.Bc4 Qe6 25.Bxd5 Rxd5 26.Rfc1 Ba3 27.Re1 Be7 28.Rb3 Bd8 29.Reb1 Bxa5
30.Bxa5 Rdxa5 31.Rxb7 h6 32.Rxa7 Rxa7 33.Rc1 Ra6 34.Kg2 Kh7 35.h4 Qf7 36.Qe2 Rb6
37.Rc5 h5 38.Qc2 Qg6 39.Kh2 Qg4 40.Ra5 Qf3 41.Ra8 Rb3 42.Ra1 Rb6 43.Kg1 Qg4
44.Rb1 Rxb1+ 45.Qxb1 Qe2 46.Qc1 Qb5 47.Qd1 g6 48.Kg2 Kg7 49.Qc2 Qd5 50.Qa4 Qd7
51.Qb4 Kf7 52.Kf1 Qd5 53.Qa4 Qd7 54.Qc4+ Ke7 55.Ke2 Qb7 56.Qc5+ Kd7 57.Qe5 Qa6+
58.Ke1 Qa1+ 59.Ke2 Qa6+ 60.Ke1 Qa1+ 61.Ke2 Qa6+  1/2-1/2

[Event "Carlsen Tour Final 2020"]
[Site "chess24.com INT"]
[Date "2020.08.10"]
[Round "1.24"]
[White "Dubov,Daniil"]
[Black "Nakamura,Hi"]
[Result "0-1"]
[WhiteElo "2699"]
[BlackElo "2736"]

1.e4 e5 2.Nc3 Nf6 3.d4 exd4 4.Qxd4 Nc6 5.Qd3 Bc5 6.Bf4 d6 7.O-O-O Bxf2 8.Nf3 Bb6
9.Be2 h6 10.h3 Be6 11.Rhe1 Qd7 12.Nd5 Bxd5 13.exd5 Ne7 14.Qb3 a6 15.g4 O-O-O
16.Bc4 Ng6 17.Bd2 Rde8 18.Bd3 Kb8 19.a4 Ka8 20.a5 Bf2 21.Rf1 Be3 22.Bxg6 Bxd2+
23.Rxd2 fxg6 24.Nd4 h5 25.g5 Ne4 26.Ne6 Nxd2 27.Kxd2 Re7 28.Rf3 c6 29.Nf8 Qe8
30.Ne6 cxd5 31.Nd4 Re4 32.Qb6 Rf8  0-1

[Event "Carlsen Tour Final 2020"]
[Site "chess24.com INT"]
[Date "2020.08.10"]
[Round "1.21"]
[White "Nakamura,Hi"]
[Black "Dubov,Daniil"]
[Result "1/2-1/2"]
[WhiteElo "2736"]
[BlackElo "2699"]

1.e4 c5 2.Nf3 Nc6 3.d4 cxd4 4.Nxd4 Nf6 5.Nc3 e5 6.Ndb5 d6 7.Bg5 a6 8.Na3 b5
9.Nd5 Be7 10.Bxf6 Bxf6 11.c3 Rb8 12.Nc2 Bg5 13.a4 bxa4 14.Ncb4 Nxb4 15.cxb4 Bd7
16.Bxa6 O-O 17.Bc4 Kh8 18.b3 axb3 19.Qxb3 Qe8 20.O-O Bd8 21.b5 f5 22.exf5 Bxb5
23.Rfd1 Bh4 24.Bxb5 Rxb5 25.Qa4 Bd8 26.Nc3 Ra5 27.Qxe8 Rxe8 28.Rxa5 Bxa5
29.Ne4 Bb4 30.Nxd6 Rf8 31.Nc4 Rxf5 32.Nxe5 h5 33.Nf3 Bc5 34.h4 Be7 35.Rd3 Bf6
36.g3 Kh7 37.Kg2 Rb5 38.Rd6 Rf5 39.Ra6 Rd5 40.Ra4 Kg6 41.Ng1 Kf5 42.Rf4+ Ke6
43.Nh3 g6 44.Ra4 Rd7 45.Ra6+ Kf7 46.Nf4 Rb7 47.Ra3 Rd7 48.Rf3 Rd6 49.Rb3 Rd7
50.Ra3 Rb7 51.Nd5 Rd7 52.Rd3 Be5 53.Kf3 Ra7 54.Rb3 Ke6 55.Ne3 Rf7+ 56.Ke4 Bc7
57.f4 Re7 58.Rb5 Kf7+ 59.Kf3 Kg7 60.Nc4 Rf7 61.Rc5 Re7 62.Rc6 Kf7 63.Kf2 Rd7
64.Kg2 Kg7 65.Kf3 Re7 66.Ne3 Rf7 67.Re6 Bd8 68.Nd5 Ra7 69.Rd6 Be7 70.Rc6 Kf7
71.Ke4 Bd8 72.Rc8 Bf6 73.Rc4 Bd8 74.Ke5 Ra3 75.Rc8 Ba5 76.f5 gxf5 77.Kxf5 Rf3+
78.Ke5 Rxg3 79.Ra8 Be1 80.Ra7+ Ke8 81.Ke6 Rg6+ 82.Kf5 Rg1 83.Ke6 Rg6+ 84.Kf5 Rg1
85.Ra1 Kf7 86.Nf4 Bf2 87.Rxg1 Bxg1 88.Nxh5 Bf2 89.Nf4 Bxh4 90.Ng6 Bf6 91.Ne7 Bxe7  1/2-1/2

[Event "Carlsen Tour Final 2020"]
[Site "chess24.com INT"]
[Date "2020.08.11"]
[Round "1.33"]
[White "Dubov,Daniil"]
[Black "Nakamura,Hi"]
[Result "0-1"]
[WhiteElo "2699"]
[BlackElo "2736"]

1.c4 e5 2.Nc3 Nf6 3.Nf3 Nc6 4.g3 d5 5.cxd5 Nxd5 6.Bg2 Nb6 7.O-O Be7 8.b3 O-O
9.Bb2 Re8 10.Rc1 Bf5 11.d3 Qd7 12.Qc2 Nd4 13.Qd1 Nc6 14.Ne4 f6 15.Nc5 Bxc5
16.Rxc5 Bh3 17.Bxh3 Qxh3 18.b4 a6 19.a3 Qe6 20.Nd2 Rad8 21.Ne4 Nd5 22.Rc1 b6
23.Qc2 Nd4 24.Bxd4 exd4 25.Qc4 Qe5 26.Rfe1 Kh8 27.Qxa6 Ra8 28.Qc4 Rxa3 29.f4 Qe6
30.Qxd4 h6 31.b5 Rb3 32.Rc6 Qf7 33.Nc3 Nb4 34.Qc4 Qxc4 35.Rxc4 Nxd3 36.Rd1 Nb2
37.Re4 Rxe4 38.Rd8+ Kh7 39.Nxe4 f5 40.Nd2 Rxb5 41.Rd7 Rc5 42.e4 fxe4 43.Nxe4 Rc6
44.f5 Kg8 45.Kf2 Na4 46.Kf3 Nc5 47.Rd8+ Kf7 48.Nf2 h5 49.g4 Ke7 50.Rg8 Kf7
51.Rc8 hxg4+ 52.Nxg4 Nd7 53.Rd8 Ke7 54.Rg8 Rc3+ 55.Kf2 Kf7 56.Rd8 Nf6 57.Ne5+ Ke7
58.Ra8 Ne4+ 59.Ke2 Kf6 60.Ng4+ Kxf5 61.Ne3+ Kg6 62.Nd5 Rc5 63.Nf4+ Kf5 64.Nd3 Rc2+
65.Ke3 Nf6 66.h3 Rc4 67.Rc8 Nd5+ 68.Kd2 Rd4  0-1

[Event "Carlsen Tour Final 2020"]
[Site "chess24.com INT"]
[Date "2020.08.11"]
[Round "1.34"]
[White "Nakamura,Hi"]
[Black "Dubov,Daniil"]
[Result "1/2-1/2"]
[WhiteElo "2736"]
[BlackElo "2699"]

1.e4 c5 2.Nf3 d6 3.d4 cxd4 4.Nxd4 Nf6 5.Nc3 Nc6 6.Bg5 Bd7 7.Qd2 a6 8.O-O-O e6
9.Kb1 Be7 10.f3 Nxd4 11.Qxd4 Qc7 12.h4 b5 13.Qd2 b4 14.Ne2 a5 15.c4 h6 16.Bxf6 Bxf6
17.Qxd6 Qa7 18.e5 Be7 19.Qd4 Qc7 20.Qf4 O-O 21.Nd4 a4 22.Qe4 f5 23.exf6 Bxf6
24.Bd3 Rfe8 25.g4 Qc5 26.Be2 Rad8 27.g5 hxg5 28.hxg5 Qxg5 29.f4 Qg3 30.Rd3 Qf2
31.Rf1 Qh2 32.Rh1 Qf2 33.Rf1 Qh2 34.Rh1 Qf2  1/2-1/2

[Event "Carlsen Tour Final 2020"]
[Site "chess24.com INT"]
[Date "2020.08.11"]
[Round "1.32"]
[White "Nakamura,Hi"]
[Black "Dubov,Daniil"]
[Result "1/2-1/2"]
[WhiteElo "2736"]
[BlackElo "2699"]

1.e4 c5 2.Nf3 Nc6 3.d4 cxd4 4.Nxd4 Nf6 5.Nc3 d6 6.Bg5 Bd7 7.Qd2 a6 8.O-O-O e6
9.Kb1 Be7 10.f3 Nxd4 11.Qxd4 Qc7 12.h4 b5 13.Qd2 b4 14.Ne2 a5 15.Nd4 Rb8
16.g4 h5 17.Bxf6 Bxf6 18.g5 Be7 19.b3 g6 20.Bc4 e5 21.Ne2 Be6 22.Bxe6 fxe6
23.f4 O-O 24.Rhf1 Qc6 25.Qd3 Rbc8 26.Rd2 d5 27.exd5 exd5 28.Qxd5+ Qxd5 29.Rxd5 exf4
30.Rxf4 Rfd8 31.Rxd8+ Rxd8 32.Kc1 Bc5 33.Re4 Kf7  1/2-1/2

[Event "Carlsen Tour Final 2020"]
[Site "chess24.com INT"]
[Date "2020.08.11"]
[Round "1.31"]
[White "Dubov,Daniil"]
[Black "Nakamura,Hi"]
[Result "1/2-1/2"]
[WhiteElo "2699"]
[BlackElo "2736"]

1.c4 e5 2.Nc3 Nf6 3.Nf3 Nc6 4.g3 d5 5.cxd5 Nxd5 6.Bg2 Nb6 7.O-O Be7 8.b3 O-O
9.Bb2 Re8 10.Rc1 Bf8 11.Ne4 f6 12.d3 a5 13.Nc5 a4 14.Nxa4 Nxa4 15.bxa4 Be6
16.Nd2 Bxa2 17.Nb3 Rxa4 18.Ra1 Ra6 19.Na5 Rxa5 20.Rxa2 Rb5 21.Bc3 Nd4 22.Rb2 Rxb2
23.Bxb2 Kh8 24.Bxb7 Qb8 25.Bxd4 Qxb7 26.Be3 Bd6 27.Qc2 Rb8 28.Rc1 Qb2 29.Kg2 Qxc2
30.Rxc2 Rb5 31.f4 Kg8 32.Kf3 Kf7 33.f5 g6 34.g4 Rb1 35.Rc1 Rb4 36.Rc4 Rb1
37.Bc1 Ra1 38.h3 Rb1 39.Be3 Rf1+ 40.Kg2 Re1 41.Kf2 Rh1 42.Kg2 Re1 43.Rc2 Ke7
44.Bf2 Ra1 45.Rc4 Kd7 46.fxg6 hxg6 47.h4 Ra8 48.h5 Rh8 49.hxg6 Rg8 50.Kf3 Rxg6
51.Rc1 Rh6 52.Kg2 Rg6 53.Kf3 Rh6 54.Rg1 Rh3+ 55.Kg2 Rh7 56.Rh1 Rxh1 57.Kxh1 e4
58.Kg2 exd3 59.exd3 Ke6 60.Kf3 f5 61.gxf5+ Kxf5 62.Bg3 Bxg3 63.Kxg3 Ke5 64.Kf3 Kd4
65.Ke2 c5 66.Kd2 c4 67.dxc4 Kxc4  1/2-1/2

[Event "Carlsen Tour Final 2020"]
[Site "chess24.com INT"]
[Date "2020.08.14"]
[Round "2.12"]
[White "Carlsen,M"]
[Black "Nakamura,Hi"]
[Result "0-1"]
[WhiteElo "2863"]
[BlackElo "2736"]

1.d4 Nf6 2.c4 e6 3.Nf3 d5 4.Nc3 dxc4 5.e4 b5 6.e5 Nd5 7.Nxb5 Nb6 8.a3 Nc6
9.Be3 Na5 10.Qc2 a6 11.Nc3 Be7 12.Rd1 Bb7 13.Be2 Qd7 14.h4 Bc6 15.Rh3 Rb8
16.Rg3 Ba4 17.Nxa4 Qxa4 18.Rc1 Nb3 19.Rxg7 Nxc1 20.Qxc1 c3 21.Qxc3 Nd5 22.Qc1 Nxe3
23.fxe3 Kf8 24.Rg4 Qb3 25.Qxc7 Qxb2 26.Kf2 Qb7 27.Qa5 Rg8 28.Rf4 Qc6 29.Qd2 h6
30.Qd3 Rg7 31.Qxa6 Qxa6 32.Bxa6 Rb2+ 33.Be2 Bxa3 34.g4 Be7 35.Re4 Rg8 36.Rf4 Kg7
37.g5 hxg5 38.Nxg5 Bxg5 39.hxg5 Rh8 40.Kf3 Rh3+ 41.Kg4 Rxe3 42.Bf3 Rd2 43.Kh4 Red3
44.d5 exd5 45.Rf6 Re3 46.Rf5 Rd4+ 47.Kh5 Rb4 48.e6 fxe6 49.Rf6 Re5 50.Rg6+ Kf7
51.Rf6+ Ke7 52.Kh6 Rb8 53.Rf4 Rf8 54.Rxf8 Kxf8 55.g6 Kg8 56.g7 Re1  0-1

[Event "Carlsen Tour Final 2020"]
[Site "chess24.com INT"]
[Date "2020.08.14"]
[Round "2.13"]
[White "Nakamura,Hi"]
[Black "Carlsen,M"]
[Result "1/2-1/2"]
[WhiteElo "2736"]
[BlackElo "2863"]

1.e4 c5 2.Nf3 d6 3.d4 cxd4 4.Nxd4 Nf6 5.Nc3 a6 6.f3 e5 7.Nb3 Be6 8.Be3 Be7
9.Qd2 h5 10.Nd5 Nxd5 11.exd5 Bf5 12.Be2 Bh4+ 13.g3 Be7 14.Na5 Nd7 15.a4 O-O
16.Nxb7 Qb8 17.Na5 Qxb2 18.Rc1 Rfc8 19.Nc6 Bf6 20.c4 Qb7 21.O-O Re8 22.g4 Bg6
23.g5 Bd8 24.a5 Rc8 25.Bd3 Nf8 26.Be4 Qd7 27.Kh1 h4 28.Qd3 Qh3 29.Rb1 Bh5
30.Bb6 Bxg5 31.Bf5 Bg6 32.Bxh3 Bxd3 33.Bxc8 Rxc8 34.Be3 Bf6 35.Rfc1 e4 36.Rb3 Ng6
37.fxe4 Bxe4+ 38.Kg1 Ne5 39.Rb8 Rxb8 40.Nxb8 Nf3+ 41.Kf2 Nxh2 42.Bf4 Ng4+
43.Ke2 Be5 44.Bxe5 Nxe5 45.Ke3 f5 46.c5 dxc5 47.d6 h3 48.d7 Nf7 49.Nxa6 h2
50.Nxc5 h1=Q 51.Rxh1 Bxh1 52.Ne6 Bd5 53.d8=Q+ Nxd8 54.Nxd8 Kf8 55.a6 Ke7
56.Nb7 g5 57.Kd4 Ke6 58.Nd8+ Kd6 59.a7 Ba8 60.Nf7+ Kc7 61.Nxg5 Kb6 62.Ke5 Kxa7
63.Kxf5 Be4+ 64.Nxe4  1/2-1/2

[Event "Carlsen Tour Final 2020"]
[Site "chess24.com INT"]
[Date "2020.08.14"]
[Round "2.14"]
[White "Carlsen,M"]
[Black "Nakamura,Hi"]
[Result "1/2-1/2"]
[WhiteElo "2863"]
[BlackElo "2736"]

1.c4 e5 2.Nc3 Nf6 3.Nf3 Nc6 4.e3 d5 5.cxd5 Nxd5 6.Bb5 Nxc3 7.bxc3 Bd6 8.d4 Qf6
9.Qc2 O-O 10.Bxc6 bxc6 11.O-O Re8 12.dxe5 Bxe5 13.Nxe5 Qxe5 14.f3 f5 15.Re1 Rb8
16.Bd2 Be6 17.e4 fxe4 18.Rxe4 Bf5 19.Qb3+ Qd5 20.Rxe8+ Rxe8 21.Bf4 Be6 22.Qa3 a6
23.Re1 Bf7 24.Rxe8+ Bxe8 25.h3 a5 26.Bxc7 Bf7 27.Qe7 a4 28.a3 Qe6 29.Qd8+ Qe8
30.Qd4 Bb3 31.Kh2 h6 32.Be5 Qe7 33.g4 Bd5 34.Kg3 Qf8 35.f4 Qxa3 36.Bxg7 Qc1
37.Be5 a3 38.c4 Qe1+ 39.Qf2 Qxf2+ 40.Kxf2 Bxc4 41.f5 a2 42.Kg3 Kh7 43.Kf4 Bb3
44.h4 Bc2 45.Bc3 Bd3 46.Ke5 Kg8 47.Kf6 Be2 48.g5 hxg5 49.hxg5 Bd3 50.g6 Bc2
51.Kg5 Bd3 52.f6 Bc4 53.Kf4 c5 54.Bb2 Bb3 55.Be5 Bd5 56.Ke3 Bc4 57.Kd2 Kf8
58.Kc2 Bd5 59.Kb2 Kg8 60.Bd6 Be6 61.Bxc5 Bd5 62.Bd6 Be6 63.Be5 Bd5 64.Ka3 Be6
65.Kb4 Kf8 66.Kc5 a1=Q 67.Bxa1 Bf5 68.g7+ Kg8 69.f7+ Kxf7 70.g8=Q+ Kxg8 71.Bh8 Kxh8  1/2-1/2

[Event "Carlsen Tour Final 2020"]
[Site "chess24.com INT"]
[Date "2020.08.14"]
[Round "2.11"]
[White "Nakamura,Hi"]
[Black "Carlsen,M"]
[Result "1/2-1/2"]
[WhiteElo "2736"]
[BlackElo "2863"]

1.e4 c5 2.Nf3 d6 3.d4 cxd4 4.Nxd4 Nf6 5.Nc3 a6 6.f3 e5 7.Nb3 Be6 8.Be3 Be7
9.Qd2 h5 10.Nd5 Nxd5 11.exd5 Bf5 12.Be2 Bh4+ 13.g3 Be7 14.c4 a5 15.Bd3 Bh3
16.O-O-O Nd7 17.Kb1 a4 18.Nc1 Qa5 19.Qxa5 Rxa5 20.Rhg1 f5 21.Ne2 O-O 22.Nc3 e4
23.fxe4 Ne5 24.Bb6 Ra6 25.Bd4 Nf3 26.c5 dxc5 27.Be3 Raf6 28.Rh1 Bg2 29.exf5 Bxh1
30.Rxh1 a3 31.b3 Nd4 32.Rf1 Nxf5 33.Bg5 Nd6 34.Bxf6 Rxf6 35.Rxf6 Bxf6 36.Ne4 Nxe4
37.Bxe4 Be5 38.Bg6 h4 39.gxh4 Bxh2 40.Kc2 Kf8 41.Kd3 b5 42.Kc2 Ke7 43.Bd3 b4
44.h5 Kd6 45.Bg6 Be5 46.Kb1 Bf6 47.Kc2 Be5 48.Kb1 Bf6 49.Kc2 Be5  1/2-1/2